000 00744nam a22002537a 4500
001 BR9002379
003 BR-BrBNA
005 20230928093447.0
007 ta
008 230509b bl.||||| |||| 00| 0 por d
040 _aBR-BrBNA
_bpor
_cBiblioteca Nacional de Agricultura
041 _a(Por)
072 _aE14
090 _ E14 BR9002379
110 1 _aCentro Regional de Pesquisa do Triangulo e Alto Paranaiba, Uberaba, MG (Brasil)
_91882
245 1 _aAcoes politicas municipais para o setor agropecuario
260 3 _aUberaba, MG (Brasil):
_c1988.
300 _a14 p.
650 _aPOLITICA ECONOMICA
650 _aPOLITICA AGRICOLA
650 _aDESENVOLVIMENTO ECONOMICO
909 _a202309
_bLucia
_c55
_dLucia Elande
942 _cBK
999 _c45127
_d45127